Hospital and Health Services Administration : (Record no. 617875)

MARC details
000 -LEADER
fixed length control field 00541nam a2200193 a 4500
008 - FIXED-LENGTH DATA ELEMENTS--GENERAL INFORMATION
fixed length control field 260318s2001##################000#0#eng##
020 ## - INTERNATIONAL STANDARD BOOK NUMBER
ISBN 9780195650921
082 04 - DEWEY DECIMAL CLASSIFICATION NUMBER
Classification number 362.11068TAB
100 1# - MAIN ENTRY--AUTHOR NAME
Personal name Tabish, Syed Amin,
245 10 - TITLE STATEMENT
Title Hospital and Health Services Administration :
260 ## - PUBLICATION, DISTRIBUTION, ETC. (IMPRINT)
Name of publisher Oxford University Press, USA,
Year of publication 2001.
300 ## - PHYSICAL DESCRIPTION
Number of Pages 968 pages
650 #0 - SUBJECT ADDED ENTRY--TOPICAL TERM
Topical Term Business & Economics.
942 ## - ADDED ENTRY ELEMENTS (KOHA)
Koha item type English Books
Holdings
Withdrawn status Lost status Damaged status Not for loan Home library Current library Shelving location Date acquired Full call number Accession Number Price effective from Koha item type
        Anna Centenary Library Anna Centenary Library 4TH FLOOR, A WING 18.03.2026 362.11068TAB 111918 18.03.2026 English Books

Find us on the map